000
00299nam a22001337a 4500
008
181105b xxu||||| |||| 00| 0 eng d
020
_a
9780195118506
041
_a
eng
080
_a
573
100
_a
11
101
_a
BIO
245
_a
Structural Biology Of Viruses
_c
Chiu.W
942
_2
udc
_c
BK
999
_c
51790
_d
51790